World cultures: Past and present (Record no. 1371148)

MARC details
000 -LEADER
fixed length control field 00563nam a2200205Ia 4500
005 - DATE AND TIME OF LATEST TRANSACTION
control field 20250508161621.0
008 - FIXED-LENGTH DATA ELEMENTS--GENERAL INFORMATION
fixed length control field 008 250505s9999 xx 000 0 eng d
037 ## - SOURCE OF ACQUISITION
Stock number Textual
040 ## - CATALOGING SOURCE
Original cataloging agency FEDL
Language of cataloging eng
Transcribing agency FEDL
041 ## - LANGUAGE CODE
Language code of text/sound track or separate title eng
Source of code eng
084 ## - COLON CLASSIFICATION NUMBER
Classification number 301.2, NAG
Assigning agency FEDL
100 ## - MAIN ENTRY--PERSONAL NAME
Personal name Nagel Paul
9 (RLIN) 506154
245 #0 - TITLE STATEMENT
Title World cultures: Past and present
260 ## - PUBLICATION, DISTRIBUTION, ETC.
Place of publication, distribution, etc. New York, USA
Name of publisher, distributor, etc. Harper and Row Publishers
Date of publication, distribution, etc. 1964
300 ## - PHYSICAL DESCRIPTION
Extent 456p
546 ## - LANGUAGE NOTE
Language note Teacher's edition
650 ## - SUBJECT ADDED ENTRY--TOPICAL TERM
Topical term or geographic name entry element Sociology
942 ## - ADDED ENTRY ELEMENTS (KOHA)
Koha item type Textual
Classification part 301.2, NAG
Holdings
Withdrawn status Lost status Damaged status Not for loan Home library Current library Date acquired Total Checkouts Full call number Barcode Date last seen Price effective from Koha item type
        Department of Education Library Department of Education Library 2025-05-08   301.2, NAG EL0059093 2025-05-08 2025-05-08 Textual
Copyright @ Delhi University Library System